Business law : (Record no. 343544)
[ view plain ]
| 000 -LEADER | |
|---|---|
| fixed length control field | 01388 a2200241 4500 |
| 020 ## - INTERNATIONAL STANDARD BOOK NUMBER | |
| International Standard Book Number | 0673523985 |
| 020 ## - INTERNATIONAL STANDARD BOOK NUMBER | |
| International Standard Book Number | 9780673523983 |
| 082 04 - DEWEY DECIMAL CLASSIFICATION NUMBER | |
| Classification number | 346.7307 |
| 090 ## - LOCALLY ASSIGNED LC-TYPE CALL NUMBER (OCLC); LOCAL CALL NUMBER (RLIN) | |
| -- | 1007 |
| -- | 1007 |
| 100 1# - MAIN ENTRY--PERSONAL NAME | |
| Personal name | Roszkowski, Mark E. |
| 245 10 - TITLE STATEMENT | |
| Title | Business law : |
| Remainder of title | principles, cases, and policy / |
| Statement of responsibility, etc. | Mark E. Roszkowski. |
| 250 ## - EDITION STATEMENT | |
| Edition statement | 4 Sub ed. |
| 260 ## - PUBLICATION, DISTRIBUTION, ETC. | |
| Place of publication, distribution, etc. | [S.l.] : |
| Name of publisher, distributor, etc. | Prentice Hall, |
| Date of publication, distribution, etc. | 1996. |
| 300 ## - PHYSICAL DESCRIPTION | |
| Extent | 1046 p. ; |
| Dimensions | 26 cm. |
| 490 1# - SERIES STATEMENT | |
| Series statement | 4th edition. |
| 500 ## - GENERAL NOTE | |
| General note | Hardcover. |
| 520 ## - SUMMARY, ETC. | |
| Summary, etc. | Mark Roszkowski illustrates his discussion of complex subjects and legal principles with hypothetical examples and nearly 200 discussions of actual cases. The text explains not only the substance and background of legal rules, but also the rationale and policy behind them. This new edition covers many new topics to reflect changes in the law. Three new "viewpoint essays" at the end of text sections discuss ethical and public-policy issues from the viewpoint of leading scholars; and many new end-of-chapter discussion questions and problems have been added, based primarily on recently decided appellate court cases. |
| 700 1# - ADDED ENTRY--PERSONAL NAME | |
| Personal name | Roszkowski, Christie L. |
| 830 #0 - SERIES ADDED ENTRY--UNIFORM TITLE | |
| Uniform title | 4th edition. |
| 856 40 - ELECTRONIC LOCATION AND ACCESS | |
| Materials specified | Amazon.com |
| Uniform Resource Identifier | <a href="http://www.amazon.com/exec/obidos/ASIN/0673523985/chopaconline-20">http://www.amazon.com/exec/obidos/ASIN/0673523985/chopaconline-20</a> |
| 856 40 - ELECTRONIC LOCATION AND ACCESS | |
| Materials specified | Amazon customer reviews |
| Uniform Resource Identifier | <a href="http://www.chopac.org/cgi-bin/tools/azrev.pl?q=0673523985">http://www.chopac.org/cgi-bin/tools/azrev.pl?q=0673523985</a> |
| 942 ## - ADDED ENTRY ELEMENTS (KOHA) | |
| Institution code [OBSOLETE] | NBS |
| Koha item type | Book |
| Call number prefix | 346.7307 ROS |
| Withdrawn status | Lost status | Damaged status | Not for loan | Permanent Location | Current Location | Date acquired | Total Checkouts | Full call number | Barcode | Date last seen | Date last checked out | Price effective from | Koha item type |
|---|---|---|---|---|---|---|---|---|---|---|---|---|---|
| NUST Law School (NLS) | NUST Law School (NLS) | 08/28/2013 | 1 | 346.7307 ROS | NBS1505 | 11/23/2017 | 08/18/2017 | 08/28/2013 | Book | ||||
| NUST Law School (NLS) | NUST Law School (NLS) | 08/28/2013 | 346.7307 ROS | NBS1504 | 08/28/2013 | 08/28/2013 | Reference |
